00570nam a2200193 a 4500001001300000003000900013005001700022008004100039020001000080082001600090100002700106245006500133260006200198300000800260500003500268505001000303650003600313700002700349nice12345678IN_TiNIC20260116011749.0050524s1964 hyda grp 000 0 eng  ac10000a297.4bBEG1 aBegg, Mirza Wahiduddin aSaint of Ajmerb Hazrat Mirza Khwaja Muinuddin Hasan Chishti aHyderabadbInst.Of Indo-Middle East Cultural Studiec1964 a17p aincludes index and biblioraphy2 aIndex aSufism-Khwaja Muinuddin Chishti1 aBegg, Mirza Wahiduddin